000 00599nam a2200217Ia 4500
005 20260429112223.0
008 260429s9999||||xx |||||||||||||| ||und||
020 _a9788198827043
041 _aEnglish
082 _a621.38152
_bKUM
100 _aKumar, Suresh
245 0 _aIntroduction to surface and thin films analysis /
_cSuresh Kumar
260 _aJaipur :
_bBook Enclave,
_c2025.
300 _avii, 272 p.; hb
650 _a Electronical engineering
650 _a Semiconductors
650 _a Thin films
650 _aMaterials science
700 _a Soni, Subhash
942 _cTB
999 _c52962
_d52962